000 00492nam a22001577a 4500
003 OSt
005 20151101154720.0
008 151101b xxu||||| |||| 00| 0 eng d
040 _cRUA
082 _aFOR ឆេញ 1991 B116 Or.1
100 _93156
_aឆេញ សេង
245 _aកម្មវិធីផ្គត់ផ្គងអុសដល់ក្រុមហ៊ុនផ្លូវដែក
260 _aPhnom Penh
_bRUA
_c1991
300 _a58p.
_bill.
_c29cm.
942 _2ddc
_cFOR
999 _c2944
_d2944